000 00538nam a2200181Ia 4500
008 191130s2009##################000#0#eng##
020 _a9788179920305
040 _aACL
_cACL
082 _a658.4092 RUB
100 _aRubino, Dr. Bjoe
245 _aKey to success & happiness
_cDr. Bjoe Rubino
260 _aAnmedabad
_bJaico Publishing House
_c2009
300 _av, 168p. :ill. ; 23cm
500 _aIncludes bibliographical references and index
990 _ae0906fd0ac10000c774f2b8125954333
991 _a121132
999 _c225954
_d225954